| 000 | 00804nam a2200217Ia 4500 | ||
|---|---|---|---|
| 999 |
_c38493 _d38493 |
||
| 001 | 4506 | ||
| 003 | GE_BSU | ||
| 005 | 20191016163403.0 | ||
| 008 | 181216s2012||||ge |||||||||||||| ||und|| | ||
| 020 | _a9789994021536 | ||
| 040 | _cGE_BSU | ||
| 041 | _ageo | ||
| 080 | _a94(479.22) გ–61 | ||
| 100 |
_aგოგოლიშვილი, ოთარ _9930 |
||
| 245 |
_aდამოუკიდებლობისაკენ მიმავალ სისხლიან გზაზე / _cრედ. ემზარ მაკარაძე. |
||
| 264 |
_aბათუმი : _bაჭარა, _c2012. |
||
| 300 |
_a198 გვ. ; _b21 სმ. |
||
| 653 | _aისტორია | ||
| 700 |
_aმაკარაძე, ემზარ _eრედაქტორი _94143 |
||
| 942 |
_cBK _2udc |
||